Online katalóg knižníc regiónu Turca

Román o Tristanovi a Isoldě / (Record no. 20876)

MARC details
000 -LEADER
fixed length control field 01652nam a22003611 4500
001 - CONTROL NUMBER
control field 20876
003 - CONTROL NUMBER IDENTIFIER
control field CZ PrNK
005 - DATE AND TIME OF LATEST TRANSACTION
control field 20260206120210.0
007 - PHYSICAL DESCRIPTION FIXED FIELD--GENERAL INFORMATION
fixed length control field ta
008 - FIXED-LENGTH DATA ELEMENTS--GENERAL INFORMATION
fixed length control field 980224s1959 xr 000 0 cze
015 ## - NATIONAL BIBLIOGRAPHY NUMBER
National bibliography number cnb000258404
020 ## - INTERNATIONAL STANDARD BOOK NUMBER
Qualifying information (Brož.)
035 ## - SYSTEM CONTROL NUMBER
System control number (OCoLC)85197998
040 ## - CATALOGING SOURCE
Original cataloging agency ABA001
Language of cataloging cze
Transcribing agency ULG001
Modifying agency ABA001
041 1# - LANGUAGE CODE
Language code of text/sound track or separate title cze
Language code of original fre
080 ## - UNIVERSAL DECIMAL CLASSIFICATION NUMBER
Universal Decimal Classification number 840-311.2:840-391
Edition identifier undef
100 1# - MAIN ENTRY--PERSONAL NAME
Personal name Bédier, Joseph,
Dates associated with a name 1864-1938
Relationship aut
245 10 - TITLE STATEMENT
Title Román o Tristanovi a Isoldě /
Statement of responsibility, etc. [autor:] Joseph Bédier ; z franc. orig. Le Roman de Tristan et Iseut přel. Eva Musilová ; předmluva: Eva Uhlířová ; úvod Gastona Parise
250 ## - EDITION STATEMENT
Edition statement 3. vyd., v SNKLHU 1. vyd.
260 ## - PUBLICATION, DISTRIBUTION, ETC.
Place of publication, distribution, etc. Praha :
Name of publisher, distributor, etc. SNKLHU,
Date of publication, distribution, etc. 1959
Manufacturer (Mír 01)
300 ## - PHYSICAL DESCRIPTION
Extent 191, [3] s. ;
Dimensions
490 1# - SERIES STATEMENT
Series statement Světová četba ;
Volume/sequential designation Sv. 207
500 ## - GENERAL NOTE
General note 17000 výt.
500 ## - GENERAL NOTE
General note Životopisná pozn. o autorovi
520 ## - SUMMARY, ETC.
Summary, etc. Zpracování prastaré keltské pověsti o věčné lásce, která rozbíjí všechny předsudky i středověkou nerozlučitelnost manželství. Autor pronikl dlouhými studiemi i básnickou fantazií do tragického jádra příběhu spočívajícího v protikladu lásky a utrpení a konfliktu povinnosti a touhy po plném citovém životě.
700 1# - ADDED ENTRY--PERSONAL NAME
Personal name Uhlířová, Eva,
Dates associated with a name 1933-1969
Relationship aui
700 1# - ADDED ENTRY--PERSONAL NAME
Personal name Paris, Gaston,
Dates associated with a name 1839-1903
Relationship aui
700 1# - ADDED ENTRY--PERSONAL NAME
Personal name Musilová, Eva,
Dates associated with a name 1925-2009
Relationship trl
830 #0 - SERIES ADDED ENTRY--UNIFORM TITLE
Uniform title Světová četba (Státní nakladatelství krásné literatury, hudby a umění)
856 41 - ELECTRONIC LOCATION AND ACCESS
Uniform Resource Identifier <a href="http://krameriusndk.nkp.cz/search/handle/uuid:c3d8a610-71de-11e2-97be-005056827e52">http://krameriusndk.nkp.cz/search/handle/uuid:c3d8a610-71de-11e2-97be-005056827e52</a>
Link text Digitalizovaný dokument
910 ## - USER-OPTION DATA (OCLC)
User-option data ABA001
942 ## - ADDED ENTRY ELEMENTS (KOHA)
Source of classification or shelving scheme Dewey Decimal Classification
Koha item type Krásna literatúra pre dospelých
Suppress in OPAC No

No items available.

Projekt je podporený Slovenskou asociáciou knižníc
Prevádzkuje Turčianska knižnica Martin 2026